| 000 | 00524ngm a2200205 4500 | ||
|---|---|---|---|
| 005 | 20170313135737.0 | ||
| 006 | a|||||r|||| 00| | | ||
| 008 | 160218b xxu||||| |||| 00| 0 spa d | ||
| 041 | _aspa | ||
| 082 | _a131 DVD | ||
| 245 | _aCosta Rica tesoro natural : Volcán Turrialba | ||
| 260 |
_bUNED _aCosta Rica |
||
| 260 | _c2002 | ||
| 300 | _a20 minutos | ||
| 650 |
_aCOSTA RICA _941105 |
||
| 650 |
_aVOLCÁN TURRIALBA _91726 |
||
| 650 |
_aBIODIVERSIDAD _91061 |
||
| 650 |
_aPARQUE NACIONAL _917356 |
||
| 942 | _cDVD | ||
| 999 |
_c9018 _d9018 |
||